Zrównoważony rozwój organizacji a relacje z interesariuszami

Enregistré dans:
Détails bibliographiques
Autres auteurs: Bartkowiak, Piotr
Format: Livre
Langue:polonais
anglais
Publié: Poznań Wydawnictwo Uniwersytetu Ekonomicznego w Poznaniu 2011
Collection:Zeszyty naukowe 199
Sujets:
Tags: Ajouter un tag
Pas de tags, Soyez le premier à ajouter un tag!

MARC

LEADER 00000nam a2200000 4500
001 0149968
005 20240109073534.0
020 |a 978-83-7417-642-2 
022 |a 1689-7374 
041 0 |a pol 
041 0 |a eng 
044 |a PL 
245 1 0 |a Zrównoważony rozwój organizacji a relacje z interesariuszami  |c redaktor naukowy Piotr Bartkowiak 
264 1 |a Poznań  |b Wydawnictwo Uniwersytetu Ekonomicznego w Poznaniu  |c 2011 
300 |a 147 s. 
490 1 |a Zeszyty naukowe  |v 199 
830 0 |a Zeszyty naukowe  |v 199 
610 2 0 |a rozvoj podniku 
610 2 0 |a fúzie 
610 2 0 |a rozvoj trvalo udržateľný 
610 2 0 |a Poľsko 
700 1 |a Bartkowiak, Piotr